01209nam a22002297a 4500008004100000020001500041082001900056245020000075260005500275300006600330500009500396500007100491650003000562655003600592710005100628710003900679710004200718710003900760942001700799999001700816952014600833090517t xxu||||| |||| 00| 0 eng d a0767097718 a004.1bCOM22200aModern Marvelsh[videorecording] :bThe Creation of the Computer /cArts and Entertainment Network (Firm), History Channel (Television network), Hearst Entertainment (Firm) and Jaffe Productions. aNew York : bA & E Television Networks, 1996c1996 a1videodiscs (ca. 50 min.) : bsd., col. and b&w ; c4 3/4 in. aVideocassette release of the television program broadcast on The History Channel in1995  a Traces the evolution of the computer over the past two decades  aComputersxHistory.94778 aDocumentary television programs 914052aHistory Channel (Television network)  914107aHearst Entertainment (Firm) 914057aArts and Entertainment Network 914108aJaffe Productions (Firm)  2ddccCDVDDOC c11541d11541 00102ddc40708BaccahaMAINbMAINcLOWd2009-05-18ePurchasel3o004.1 HISp000016361r2022-08-24 00:00:00s2014-10-21w2009-05-18yCDVDDOC